Duden (Запис номер 49415)
[ съкратено ]
| 000 -Лидер | |
|---|---|
| Контролно поле с фиксирана дължина | 01077nam a2200325 c 4500 |
| 003 - Код на организацията, давaща контролен номер | |
| Контролно поле | BLK |
| 005 - Дата и час на последна редакция | |
| Контролно поле | 20180420222005.0 |
| 008 - Елементи от данни с фиксирана дължина | |
| fixed length control field | 180408b bul|||||r ||||||| ||bul|| |
| 010 ## - Наследен системен номер | |
| LC control number | KNG00053265000 |
| 020 ## - Международен стандартен номер на книга ISBN | |
| Международен стандартен номер на книга ISBN | 3-411-04121-8 |
| -- | издат.: Dudenverlag - на том |
| 040 ## - Източник на каталожния запис | |
| Идентификатор на билиотеката - собственик на записа | BLK |
| 041 ## - Код за език | |
| Код за езика на текст/звукозапис или на отделно заглавие | Немски |
| Код за езика КДБФ | Немски |
| 080 ## - УДК | |
| Текстов определител УДК | Литература на отделни езици и езикови семейства |
| УДК код - определител по УДК | 821 |
| УДК определител | -8(035) |
| УДК - код + определител | 821-8(035) |
| 139 ## - Редно поле | |
| Редна дума | Duden |
| Авторски знак | Du - D 84 |
| 245 10 - Сведения за заглавието | |
| Заглавие | Duden |
| Подзаглавни данни | Bd. 1 - 12 |
| Том | Bd. 12 |
| Заглавие на том | Zitate und Ausspruche |
| 257 ## - Страна на издаване | |
| Страна на създаване/издаване | Германия |
| 260 ## - Област на издателските данни | |
| -- | Mannheim et al. |
| Година на издаване | 1985 - |
| 300 ## - Физическа характеристика | |
| Размери/Мащаб | 19 cm |
| 380 ## - Жанр | |
| Жанр | Литературознание |
| 650 #4 - Допълнително описание по предмет – тема | |
| Основно описание – тема или топоним | Литература, световна - справочници |
| 9 (RLIN) | 275078 |
| 653 ## - Ключова дума – ненормативна | |
| Ключова дума | световна литература |
| 653 ## - Ключова дума – ненормативна | |
| Ключова дума | цитати |
| 653 ## - Ключова дума – ненормативна | |
| Ключова дума | справочници |
| 760 1# - Описание на основната серия | |
| -- | - на том |
| Място на издаване, издател и година | Dudenverlag |
| Страници - том | 842 c. |
| Заглавие | Bd. 12 Zitate und Ausspruche |
| 852 ## - Местоположение | |
| Форматна сигнатура | Цб 187089 |
| 856 4# - Електронен адрес и достъп | |
| Електронен формат | pdf - файл |
| Път до файла /url/ | |
| 856 4# - Електронен адрес и достъп | |
| Електронен формат | pdf - файл |
| Път до файла /url/ | |
| 942 ## - АРТИКУЛИ | |
| Вид на библиотечния материал | Книги |
| Скрит в OPAC | Не |
| 944 ## - СЪЗДАВАНЕ И РЕДАКЦИЯ на ЗАПИСА | |
| Създаване/Редакция | Създаване |
| Дата на регистрацията/редакция | 01.01.1999 |
| Служител, извършил регистрацията/редакцията | Теодора_Стоянова |
| 944 ## - СЪЗДАВАНЕ И РЕДАКЦИЯ на ЗАПИСА | |
| Създаване/Редакция | Редакция |
| Дата на регистрацията/редакция | 11.08.2011 |
| Служител, извършил регистрацията/редакцията | |
| 999 ## - СИСТЕМНИ КОНТРОЛНИ НОМЕРА | |
| Koha biblionumber | 49415 |
| Koha biblioitemnumber | 49415 |
| Код за отписване | Код за изгубен артикул | Източник на класификационната схема | Код за повреда | Коз за рестрикции | Код за отдаване | Артикулен № | Име на библиотеката - собственик | Име на библиотеката, в която се намира в момента | Статус (Текущо местоположение) | Дата на вписване в системата | Местоположение - отдел | Цена в лева | Инвентарен номер | Систематично азбучна сигнатура | Баркод | Номер на екземпляра | Цена в евро | Служебна бележка | Служебен тип на артикула |
|---|---|---|---|---|---|---|---|---|---|---|---|---|---|---|---|---|---|---|---|
| Не е изгубен | Universal Decimal Classification | Не е повреден | само за читалня | ползва се в читалня | 77363 | Регионална библиотека "Любен Каравелов" Русе | Регионална библиотека "Любен Каравелов" Русе | Читалня 5 - справочен фонд | 2002-01-01 | Читалня 5 - справочен фонд | 20.00 | 120000905370 | C5 820/899/D 84 | 120000905370 | 1 | 10.23 | Дост: Da | Книги |